000 00342nam a22001457a 4500
003 OSt
008 240223b |||||||| |||| 00| 0 eng d
020 _a9789387022850
100 _aALLEN,James
245 _aBe Your Own Sunshine
250 _a1st Ed
260 _aNew Delhi
_bfingerPrint Pubsishing
_c2020
300 _a150
942 _2ddc
_cBK
999 _c12236
_d12236